000 00517nam a2200181Ia 4500
001 4018
005 20260306145725.0
008 260306t2022||||xx |||||||||||||| ||spa||
041 _aESP
082 _a306.44
_bG66
100 _aGonzales, Odi
_eAUT
245 0 _aNación anti:
_bensayos de antropología lingüística andina; lenguaje y pensamiento quechua; traducción cultural y resistencia
260 _c2022
300 _a454 páginas :
_c24 cm.
650 _aGEN
654 _aCHU
942 _cLIB
_dJUS
_fJUS
_2ddc
_n
999 _c4018
_d4018